书目信息 |
| 题名: |
轻断食
|
|
| 作者: | 刘祎 著 | |
| 分册: | ||
| 出版信息: | 北京 中国轻工业出版社 2018 |
|
| 页数: | 204页 | |
| 开本: | 24cm | |
| 丛书名: | ||
| 单 册: | ||
| 中图分类: | TS275.54 | |
| 科图分类: | ||
| 主题词: | 减肥--果汁饮料--制作 , 减肥--沙拉--菜谱 | |
| 电子资源: | ||
| ISBN: | 978-7-5184-1979-1 | |
| 000 | 00812nam0 2200229 450 | |
| 001 | 2359869901 | |
| 005 | 20231127180352.40 | |
| 010 | @a978-7-5184-1979-1@dCNY49.80 | |
| 100 | @a20180913d2018 em y0chiy50 ea | |
| 101 | 0 | @achi |
| 102 | @aCN@b110000 | |
| 105 | @aa z 001yy | |
| 200 | 1 | @a轻断食@Aqing duan shi@e早安果汁晚安沙拉@f刘祎著 |
| 210 | @a北京@c中国轻工业出版社@d2018 | |
| 215 | @a204页@c彩图@d24cm | |
| 330 | @a本书从轻断食的角度出发,告诉读者如何通过沙拉减肥。书中给出了轻断食的前4周饮食计划,每周两样主题食材,采购一次就能变化出一周的食谱,好吃又不浪费。你只要照着书坚持28天,轻断食就等于成功了一半。 | |
| 606 | 0 | @a减肥@x果汁饮料@x制作 |
| 606 | 0 | @a减肥@x沙拉@x菜谱 |
| 690 | @aTS275.54@v5 | |
| 701 | 0 | @a刘祎@Aliu yi@c(女)@4著 |
| 801 | 0 | @aCN@b91MARC@c20180913 |
| 905 | @aZUCC@dTS275.54@e6 | |
| 轻断食:早安果汁晚安沙拉/刘祎著.-北京:中国轻工业出版社,2018 |
| 204页:彩图;24cm |
| ISBN 978-7-5184-1979-1:CNY49.80 |
| 本书从轻断食的角度出发,告诉读者如何通过沙拉减肥。书中给出了轻断食的前4周饮食计划,每周两样主题食材,采购一次就能变化出一周的食谱,好吃又不浪费。你只要照着书坚持28天,轻断食就等于成功了一半。 |
| ● |
| 相关链接 |
|
|
|
正题名:轻断食
索取号:TS275.54/6
 
预约/预借
| 序号 | 登录号 | 条形码 | 馆藏地/架位号 | 状态 | 备注 |
| 1 | 2001060231 | 2001060231 | 辽宁一、悦读混合/辽宁北配(第三批)/辽批9/ [索取号:TS275.54/6] | 在馆 | |
| 2 | 2001060232 | 2001060232 | 辽宁一、悦读混合/辽宁北配(第三批)/辽批9/ [索取号:TS275.54/6] | 在馆 | |
| 3 | 2001060233 | 2001060233 | 辽宁一、悦读混合/辽宁北配(第三批)/辽批9/ [索取号:TS275.54/6] | 在馆 | |
| 4 | 2001060234 | 2001060234 | 辽宁一、悦读混合/辽宁北配(第三批)/辽批9/ [索取号:TS275.54/6] | 在馆 | |
| 5 | 2001060235 | 2001060235 | 辽宁一、悦读混合/辽宁北配(第三批)/辽批9/ [索取号:TS275.54/6] | 在馆 | |
| 6 | 2001060236 | 2001060236 | 辽宁一、悦读混合/辽宁北配(第三批)/辽批9/ [索取号:TS275.54/6] | 在馆 |